Estatísticas para Geografia com a letra B

Clique aqui para jogar o quiz

Estatísticas Gerais

  • Esse quiz foi jogado 1 298 vezes
  • A pontuação média é 8 de 16

Estatísticas das Respostas

HintResposta% Correto
_____ e HerzegovinaBósnia
98%
Capital da SuíçaBerna
81%
Estado brasileiro cenário do romance Gabriela, Cravo e CanelaBahia
72%
País onde se situa uma das sedes do Parlamento EuropeuBélgica
72%
País natal da cantora RihannaBarbados
64%
Mar situado no nordeste da EuropaBáltico
62%
Idioma falado no extremo norte da EspanhaBasco
53%
País cuja capital é MinskBielorrússia
51%
Capital do estado de MassachusettsBoston
49%
Cidade palestina destino de muitos peregrinos cristãosBelém
46%
Cidade francesa famosa por suas vinhasBordeaux
34%
Povo árabe habitante do desertoBeduíno
33%
Era separada de Peste pelo rio DanúbioBuda
32%
Península situada no sudeste da EuropaBálcãs
30%
O mesmo que setentrionalBoreal
30%
Capital brasileira do ecoturismoBonito
29%

Distribuição das Pontuações

Percentil de Números Respondidos

Porcentagem de Pessoas com Cada Pontuação

Sua Pontuação Histórica

Você não jogou esse quiz